000 00914nas a2200289 4500
001 BR2014002956
003 BR-BrBNA
005 20231205123958.0
007 ta
008 230509b bl.|||p| |||| 00| 00por d
040 _aBR-BrBNA
_bpor
_cBiblioteca Nacional de Agricultura
041 _a(Pt)
072 _aL10
100 1 _aMoita, A.K.F.
100 1 _aLopes, P.S.
100 1 _aTorres, R. de A.
100 1 _aEuclydes, R.F.
100 1 _aTonhati, H.
100 1 _aFreitas, A.F. de
245 1 _aHeterogeneidade de variâncias na avaliação genética de búfalas no Brasil
650 _aBÚFALO
650 _aMELHORAMENTO GENÉTICO ANIMAL
773 0 _tRevista Brasileira de Zootecnia (Brazil)
_xISSN 1806-9290
_g(Jul 2010), v. 39(7) p. 1443-1449
_wBR2014002956
856 4 0 _uhttp://www.scielo.br/pdf/rbz/v39n7/a07v39n7.pdf
909 _a202311
_bLúcia
_c55
_dLúcia Elande
942 _2AGRIS
_n0
_cANA
999 _c236720
_d236720